International human resource management. / (Record no. 8169)

MARC details
000 -LEADER
fixed length control field 01169cam a22002654a 4500
001 - CONTROL NUMBER
control field 14975536
003 - CONTROL NUMBER IDENTIFIER
control field OSt
005 - DATE AND TIME OF LATEST TRANSACTION
control field 20211130160023.0
008 - FIXED-LENGTH DATA ELEMENTS--GENERAL INFORMATION
fixed length control field 070822s2009 ohuab b 001 0 eng
020 ## - INTERNATIONAL STANDARD BOOK NUMBER
International Standard Book Number 9781408032091 (pbk.)
040 ## - CATALOGING SOURCE
Original cataloging agency DLC
Transcribing agency LC
050 00 - LIBRARY OF CONGRESS CALL NUMBER
Classification number HF5549.5.E45.D74(6e)
100 1# - MAIN ENTRY--PERSONAL NAME
Personal name Dowling, Peter.
245 10 - TITLE STATEMENT
Title International human resource management. /
Statement of responsibility, etc. Peter J. Dowling, Marion Festing, Allen D. Engle, Sr.
250 ## - EDITION STATEMENT
Edition statement 6th ed.
260 ## - PUBLICATION, DISTRIBUTION, ETC.
Place of publication, distribution, etc. Hamsphire:
Name of publisher, distributor, etc. Cengage learning,
Date of publication, distribution, etc. 2013.
300 ## - PHYSICAL DESCRIPTION
Extent xvi, 347 p. :
Other physical details ill., map ;
Dimensions 26 cm.
504 ## - BIBLIOGRAPHY, ETC. NOTE
Bibliography, etc. note Includes index.
505 ## - FORMATTED CONTENTS NOTE
Formatted contents note Contents: Introduction -- The cultural context of IHRM -- The organizational context -- IHRM in cross-border mergers & acquisitions, international alliances and SMEs -- Sourcing human resources for global markets - staffing, recruitment and selection -- International performance compensation -- International industrial relations and the global institutional context -- IHRM trends and future challenges --
650 ## - SUBJECT ADDED ENTRY--TOPICAL TERM
Source of heading or term International business
650 ## - SUBJECT ADDED ENTRY--TOPICAL TERM
Source of heading or term Human resource
700 1# - ADDED ENTRY--PERSONAL NAME
Personal name Festing, Marion.
700 1# - ADDED ENTRY--PERSONAL NAME
Personal name Engle, Allen D.,
Titles and other words associated with a name Sr.
942 ## - ADDED ENTRY ELEMENTS (KOHA)
Source of classification or shelving scheme Library of Congress Classification
Koha item type Books
Holdings
Withdrawn status Lost status Source of classification or shelving scheme Damaged status Not for loan Home library Current library Shelving location Date acquired Full call number Barcode Date last seen Copy number Price effective from Koha item type
    Library of Congress Classification     WISCONSIN INTERNATIONAL UNIVERSITY COLLEGE, GHANA - MAIN LIBRARY WISCONSIN INTERNATIONAL UNIVERSITY COLLEGE, GHANA - MAIN LIBRARY Reference 08/11/2019 HF5549.5.E45.D69(6e) 8823/274/20 28/01/2022 1 30/11/2021 Books
    Library of Congress Classification     WISCONSIN INTERNATIONAL UNIVERSITY COLLEGE, GHANA - MAIN LIBRARY WISCONSIN INTERNATIONAL UNIVERSITY COLLEGE, GHANA - MAIN LIBRARY Reference 08/11/2019 HF5549.5.E45.D691(6e) 8824/275/20 28/01/2022 2 30/11/2021 Books
    Library of Congress Classification     WISCONSIN INTERNATIONAL UNIVERSITY COLLEGE, GHANA - MAIN LIBRARY WISCONSIN INTERNATIONAL UNIVERSITY COLLEGE, GHANA - MAIN LIBRARY Reference 08/11/2019 HF5549.5.E45.D692(6e) 8825/276/20 28/01/2022 3 30/11/2021 Books
    Library of Congress Classification     WISCONSIN INTERNATIONAL UNIVERSITY COLLEGE, GHANA KUMASI LIBRARY WISCONSIN INTERNATIONAL UNIVERSITY COLLEGE, GHANA KUMASI LIBRARY General Stacks 08/11/2019 HF5549.5.E45.D74(6e) K/1807/1807/19 30/11/2021 1 30/11/2021 Books
    Library of Congress Classification     WISCONSIN INTERNATIONAL UNIVERSITY COLLEGE, GHANA KUMASI LIBRARY WISCONSIN INTERNATIONAL UNIVERSITY COLLEGE, GHANA KUMASI LIBRARY General Stacks 08/11/2019 HF5549.5.E45.D741(6e) K/1808/1808/19 30/11/2021 2 30/11/2021 Books
    Library of Congress Classification     WISCONSIN INTERNATIONAL UNIVERSITY COLLEGE, GHANA KUMASI LIBRARY WISCONSIN INTERNATIONAL UNIVERSITY COLLEGE, GHANA KUMASI LIBRARY General Stacks 24/11/2019 HF5549.5.E45.D742(6e) K/3279/0377/23 27/03/2023 3 27/03/2023 Books
    Library of Congress Classification     WISCONSIN INTERNATIONAL UNIVERSITY COLLEGE, GHANA KUMASI LIBRARY WISCONSIN INTERNATIONAL UNIVERSITY COLLEGE, GHANA KUMASI LIBRARY General Stacks 24/11/2019 HF5549.5.E45.D743(6e) K/3280/0378/23 27/03/2023 4 27/03/2023 Books

If you have any concerns or questions; kindly contact the library


© Powered by WIUC ICT DIRECTORATE